Eniten vehnää tuottavat valtiot - Statistics

Yleistilastot
  • Tätä visaa on pelattu 1 490 kertaa
    1 032 viimeisimmän päivityksen jälkeen
  • Keskiarvotulos 8 / 10
Vastaustilastot
Tuotanto tonneissa Valtio % Oikein
49,3 milj. Yhdysvallat
97%
137 milj. Kiina
95%
91,5 milj. Venäjä
94%
111 milj. Intia
85%
32,0 milj. Kanada
83%
21,6 milj. Ukraina
83%
36,0 milj. Ranska
76%
41,2 milj. Australia
62%
22,0 milj. Turkki
49%
28,2 milj. Pakistan
41%
Ehtoja vastaavia visoja ei löytynyt
Tulosjakauma
Jokaisen tuloksen saaneiden osuus
Persentiili vastausten määrän mukaan
Tuloshistoriasi
Et ole pelannut tätä visaa sen viimeisimmän päivityksen jälkeen